00404nam a2200157Ia 45000010006000000050017000060080041000230410008000640820014000721000024000862450079001102600009001893000032001986500008002306540008002381747520260306171520.0260306s9999||||xx |||||||||||||| ||und|| aESP a658bK75E aKoontz, HaroldeAUT 0aElementos de administración:bun enfoque internacional y de innovación c2013 axx, 457 páginas :c27 cm. aGEN aCAN